Countries With Only One D - Statistics

General Stats
  • This quiz has been taken 148 times
    72 since last reset
  • The average score is 36 of 46
Answer Stats
Continent Country % Correct
Europe Denmark
96%
Europe Ireland
96%
North America Dominica
93%
North America United States
93%
Africa Djibouti
91%
Europe Finland
91%
Europe Iceland
91%
Asia India
91%
Asia Indonesia
91%
Europe Poland
91%
North America Canada
89%
South America Ecuador
89%
North America Honduras
89%
Europe Sweden
89%
North America Barbados
87%
Africa Chad
87%
North America Dominican Republic
87%
Europe Switzerland
87%
Europe Andorra
85%
Africa Sudan
85%
Asia United Arab Emirates
85%
North America Grenada
83%
Europe Netherlands
83%
Oceania New Zealand
83%
Africa Rwanda
83%
Africa South Sudan
83%
North America El Salvador
80%
Asia Thailand
80%
Africa Madagascar
76%
Oceania Solomon Islands
76%
Asia Cambodia
74%
Oceania Marshall Islands
74%
Africa Uganda
74%
Africa Democratic Republic of the Congo
72%
Asia Jordan
72%
Europe Moldova
70%
Asia Saudi Arabia
70%
Europe Macedonia
67%
Asia Maldives
67%
Asia Bangladesh
65%
Africa Burundi
65%
Africa Cape Verde
65%
Europe Bosnia and Herzegovina
59%
North America Saint Kitts and Nevis
59%
Africa Sao Tome and Principe
39%
Africa Cote d'Ivoire
28%
No matching quizzes found
Score Distribution
Percent of People with Each Score
Percentile by Number Answered
Your Score History
You have not taken this quiz since the last reset